ბათუმის შოთა რუსთაველის სახელმწიფო უნივერსიტეტის ბიბლიოთეკა

ადმინისტრაციული ორგანოების მიერ ზიანის ანაზღაურება (ბიბ.ჩანაწერი № 49412)

000 -LEADER
fixed length control field 01103nam a2200241Ia 4500
001 - CONTROL NUMBER
control field 16332
003 - CONTROL NUMBER IDENTIFIER
control field GE_BSU
008 - FIXED-LENGTH DATA ELEMENTS--GENERAL INFORMATION
fixed length control field 181216s||||||||xx |||||||||||||| ||und||
020 ## - INTERNATIONAL STANDARD BOOK NUMBER
International Standard Book Number 9789941107276
040 ## - CATALOGING SOURCE
Transcribing agency GE_BSU
080 ## - UNIVERSAL DECIMAL CLASSIFICATION NUMBER
Universal Decimal Classification number 347.426+ 35.07(479.22)
245 ## - TITLE STATEMENT
Title ადმინისტრაციული ორგანოების მიერ ზიანის ანაზღაურება
245 ## - TITLE STATEMENT
Remainder of title კანონმდებლობის გამოყენების სასამართლო პრაქტიკა
245 ## - TITLE STATEMENT
Statement of responsibility, etc. კრებული შეადგინა და დაამუშავა ჯუმბერ რუსიაშვილმა
260 ## - PUBLICATION, DISTRIBUTION, ETC.
Place of publication, distribution, etc. თბილისი
260 ## - PUBLICATION, DISTRIBUTION, ETC.
Name of publisher, distributor, etc. მერიდიანი
260 ## - PUBLICATION, DISTRIBUTION, ETC.
Date of publication, distribution, etc. 2013
300 ## - PHYSICAL DESCRIPTION
Extent 526გვ;20სმ.
653 ## - INDEX TERM--UNCONTROLLED
Uncontrolled term ზიანის ანაზღაურება; ადმინისტრაციული ორგანოები საქართველოში;
653 ## - INDEX TERM--UNCONTROLLED
Uncontrolled term სამართალი
942 ## - ADDED ENTRY ELEMENTS (KOHA)
Koha item type წიგნი
ეგზემპლარები
Withdrawn status Lost status Damaged status Not for loan Date acquired Barcode Date last seen Price effective from Koha item type
        2018-12-17 40643 2018-12-17 2018-12-17 წიგნი
        2018-12-17 40644 2018-12-17 2018-12-17 წიგნი
        2018-12-17 40645 2018-12-17 2018-12-17 წიგნი